000 00969aam a2200325 4500
005 20161028144806.0
008 150302b xxu||||| |||| 00| 0 ES d
041 _aEspañol
082 _a174 G386e
100 _aCázares González, Yolanda M.
_929561
100 _aMorales Folch, Francisco J.
_929562
100 _aLozano Villalobos, Ana Luz
_929563
100 _aGarcía Barrera, María Dalia
_929564
245 _aÉtica y valores 1: un acercamiento práctico
260 _aMéxico
_bThomson
_c2006
300 _a374 páginas
650 _aÉTICA
_9489
650 _aVALORES
_932
650 _aDEMOCRACIA
_91100
650 _aDERECHOS HUMANOS
_9166
650 _aMULTICULTURALISMO
_96937
650 _aGLOBALIZACIÓN
_929565
650 _aENERGÍA
_91101
650 _aCIENCIA
_99056
650 _aTECNOLOGÍA
_929566
650 _aCALIDAD DE VIDA
_98366
650 _aDESARROLLO SOSTENIBLE
_91111
650 _aPATRIMONIO CULTURAL
_91074
942 _cBK
999 _c3518
_d3518